Flags of British Countries, Overseas Territories and Crown Dependenci - Statistics

General Stats
  • This quiz has been taken 45 times
  • The average score is 17 of 22
Answer Stats
Picture Answer % Correct
England
100%
Scotland
100%
Wales
100%
Isle of Man
94%
Bermuda
91%
Guernsey
91%
Jersey
91%
Northern Ireland
88%
Gibraltar
84%
Anguilla
78%
British Indian Ocean Territory
75%
Falkland Islands
75%
Virgin Islands
75%
Cayman Islands
69%
Montserrat
69%
Pitcairn Islands
69%
South Georgia and the South Sandwich Islands
69%
Turks and Caicos Islands
69%
British Antarctic Territory
66%
Saint Helena
66%
Tristan da Cunha
59%
Ascension
53%
No matching quizzes found
Score Distribution
Percent of People with Each Score
Percentile by Number Answered
Your Score History
You have not taken this quiz